| 000 -LEADER |
| fixed length control field |
01010cam a2200313 a 4500 |
| 001 - CONTROL NUMBER |
| control field |
016122296 |
| 003 - CONTROL NUMBER IDENTIFIER |
| control field |
UkOxU |
| 005 - DATE AND TIME OF LATEST TRANSACTION |
| control field |
20220801112445.0 |
| 008 - FIXED-LENGTH DATA ELEMENTS--GENERAL INFORMATION |
| fixed length control field |
030811r20021976enk j 000 1 eng d |
| 020 ## - INTERNATIONAL STANDARD BOOK NUMBER |
| International Standard Book Number |
1405206357 |
| 020 ## - INTERNATIONAL STANDARD BOOK NUMBER |
| International Standard Book Number |
9781405206358 |
| 035 ## - SYSTEM CONTROL NUMBER |
| System control number |
(UkLCURL)e00003516128 |
| 040 ## - CATALOGING SOURCE |
| Original cataloging agency |
IeDuTC |
| Transcribing agency |
KH8 |
| 041 1# - LANGUAGE CODE |
| Language code of text/sound track or separate title |
eng |
| -- |
fre |
| 049 ## - LOCAL HOLDINGS (OCLC) |
| Local processing data |
e |
| 082 ## - DEWEY DECIMAL CLASSIFICATION NUMBER |
| Classification number |
FIC HER |
| 100 0# - MAIN ENTRY--PERSONAL NAME |
| Personal name |
Hergé, |
| Dates associated with a name |
1907-1983. |
| 245 10 - TITLE STATEMENT |
| Title |
Tintin and the Picaros / |
| Statement of responsibility, etc. |
[by] Hergé ; [translated by Leslie Lonsdale-Cooper and Michael Turner]. |
| 260 ## - PUBLICATION, DISTRIBUTION, ETC. |
| Place of publication, distribution, etc. |
London : |
| Name of publisher, distributor, etc. |
Egmont Books, |
| Date of publication, distribution, etc. |
2002. |
| 300 ## - PHYSICAL DESCRIPTION |
| Extent |
62 p : |
| Other physical details |
col. ill ; |
| Dimensions |
30 cm. |
| 490 1# - SERIES STATEMENT |
| Series statement |
The adventures of Tintin |
| 500 ## - GENERAL NOTE |
| General note |
Originally published: Methuen Children's Books, 1976. |
| 600 00 - SUBJECT ADDED ENTRY--PERSONAL NAME |
| Personal name |
Tintin |
| Titles and other words associated with a name |
(Fictitious character) |
| Form subdivision |
Comic books, strips, etc. |
| 650 #0 - SUBJECT ADDED ENTRY--TOPICAL TERM |
| Topical term or geographic name entry element |
Caricatures and cartoons |
| Geographic subdivision |
France. |
| 700 1# - ADDED ENTRY--PERSONAL NAME |
| Personal name |
Lonsdale-Cooper, Leslie. |
| 700 1# - ADDED ENTRY--PERSONAL NAME |
| Personal name |
Turner, Michael R. |
| 800 0# - SERIES ADDED ENTRY--PERSONAL NAME |
| Personal name |
Hergé, |
| Dates associated with a name |
1907-1983. |
| Title of a work |
Aventures de Tintin. |
| Language of a work |
English. |
| 942 ## - ADDED ENTRY ELEMENTS (KOHA) |
| Source of classification or shelving scheme |
|
| Koha item type |
Books - Fiction |